000 00554nam a2200181 4500
001 44624
003 ES-MaACL
005 20250930063050.0
007 t|
008 030321s1953 sp a |||| | spa d
100 1 _aClarasó, Noel,
_d1899-1985
_939003
245 1 4 _aLas rosas
_b: su origen, su historia, su cultivo, sus variedades /
_cNoel Clarasó.
260 _aBarcelona :
_bFama,
_c[1953]
300 _a131 p., 2 lám. :
_bil., grab. ;
_c22 cm.
650 7 _aFlores
_2embne
_9136133
852 _aES-MaACL
_jC-6415
999 _c44624
_d44624